Naturopathic Physical Medicine:Theory and practice for manual therapists and naturopaths (Record no. 3802)
[ view plain ]
| 000 -LEADER | |
|---|---|
| fixed length control field | 00637nam a22002177a 4500 |
| 003 - CONTROL NUMBER IDENTIFIER | |
| control field | OSt |
| 005 - DATE AND TIME OF LATEST TRANSACTION | |
| control field | 20160426203448.0 |
| 008 - FIXED-LENGTH DATA ELEMENTS--GENERAL INFORMATION | |
| fixed length control field | 160426b xxu||||| |||| 00| 0 eng d |
| 020 ## - INTERNATIONAL STANDARD BOOK NUMBER | |
| International Standard Book Number | 9780443103902 |
| 040 ## - CATALOGING SOURCE | |
| Transcribing agency | DNLM |
| 082 ## - DEWEY DECIMAL CLASSIFICATION NUMBER | |
| Classification number | WB460 C348n 2008 |
| 100 ## - MAIN ENTRY--PERSONAL NAME | |
| Personal name | Chaitow, Leon |
| 9 (RLIN) | 8356 |
| 245 ## - TITLE STATEMENT | |
| Title | Naturopathic Physical Medicine:Theory and practice for manual therapists and naturopaths |
| 260 ## - PUBLICATION, DISTRIBUTION, ETC. (IMPRINT) | |
| Place of publication, distribution, etc. | Edinburgh; Churchill, 2008 |
| 300 ## - PHYSICAL DESCRIPTION | |
| Extent | xiv,577p;ill: 26cm |
| 504 ## - BIBLIOGRAPHY, ETC. NOTE | |
| Bibliography, etc | References, & index included |
| 650 ## - SUBJECT ADDED ENTRY--TOPICAL TERM | |
| Topical term or geographic name as entry element | Physical medicine |
| 9 (RLIN) | 8357 |
| 650 ## - SUBJECT ADDED ENTRY--TOPICAL TERM | |
| Topical term or geographic name as entry element | Naturopathic |
| 9 (RLIN) | 8358 |
| 650 ## - SUBJECT ADDED ENTRY--TOPICAL TERM | |
| Topical term or geographic name as entry element | Psysiotherapy |
| 9 (RLIN) | 8359 |
| 942 ## - ADDED ENTRY ELEMENTS (KOHA) | |
| Source of classification or shelving scheme | Other/Generic Classification Scheme |
| Koha item type | Open Shelf |
| Withdrawn status | Lost status | Source of classification or shelving scheme | Damaged status | Not for loan | Home library | Current library | Date acquired | Source of acquisition | Inventory number | Total Checkouts | Full call number | Barcode | Date last seen | Koha item type |
|---|---|---|---|---|---|---|---|---|---|---|---|---|---|---|
| Other/Generic Classification Scheme | MUST Main Library | MUST Main Library | 26/04/2016 | 10/32465 | WB460 C348n 2008 | 2016-1442 | 26/04/2016 | Open Shelf |
